LEADER 02775nam a2200325 4500 001 000000340156 003 CaOOAMICUS 005 20200805101959.0 008 200513s2009 xxu 000 u eng r 020 $a978-0-8146-6228-1 040 $aSeMil$bita 245 14$aThe spirit in worship -worship in the spirit /$cedited by Teresa Berger and Bryan D. Spinks. 264 1$aCollegeville, Minnesota :$bLiturgical Press,$c2009. 300 $aXXV, 306 p. ;$c23 cm 505 0 $aProceedings of a conference held in Feb. 2008 at the Yale Institute of Sacred Music 505 00$aWorship and the Spirit in the New Testament / N. T. Wright - The presence of God in Jewish liturgy / Ruth Langer - The liturgy as the work of the Spirit : a theological perspective / Simon Chan - The adversary : agony, irony, and the liturgical role of the Holy Spirit / Matthew Myer Boulton - The rediscovery of the Holy Spirit in modern eucharistic theology and practice / Paul F. Bradshaw - Wombs of the Spirit : incarnational pneumatology in the Syrian baptismal tradition / Simon Jones - The Holy Spirit in Eastern Orthodox worship : historical enfleshments and contemporary queries / Peter Galadza - Veni Creator Spiritus : the elusive real presence of the Spirit in the Catholic tradition / Teresa Berger - 505 00$aThe Holy Spirit and Lutheran liturgical-sacramental worship / Maxwell E. Johnson - The Holy Spirit in the Ethiopian Orthodox Ta?wah?edo Church tradition / Habtemichael Kidane - The Spirit and African American worship traditions / Melva Wilson Costen - Worshiping and the Spirit : transmuting liturgy pentecostally / Daniel E. Albrecht - The Spirit in contemporary charismatic worship / James Steven - The Holy Spirit in the worship of some Zulu Zionist churches / Jonathan A. Draper - The role of the Holy Spirit in worship : an introduction to the Hillsong Church, Sydney, Australia / Darlene Zschech 650 4$aSpirito Santo - Liturgia.$0(OLS)http://semarc/subject/18995 650 4$aSpirito Santo - Teologia.$0(OLS)http://semarc/subject/1154 650 4$aPentecostali - Atti di congressi.$0(OLS)http://semarc/subject/49373 700 1 $aBerger, Teresa.$0(OLS)http://semarc/name/20141 700 1 $aSpinks, Bryan D.$0(OLS)http://semarc/name/20246 830 0$aA pueblo book.$0(OLS)http://semarc/title/11700 850 $aSeMil 852 $aSeMil$W1$xVenegono$y1$m2B V 424$j220235$B231286$CSeMilBibl$Z2$F231286 $81 961 $aCaspani don Pierpaolo - Omaggio 996 $6020$a978-0-8146-6228-1$9(OLS)http://semarc/number/290304 996 $6245$aThe spirit in worship -worship in the spirit$9(OLS)http://semarc/title/429164 996 $6264$aCollegeville, Minnesota :$bLiturgical Press$9(OLS)http://semarc/publisher/38032 LEADER 02089nam a2200361 i 4500 001 000000354612 003 CaOOAMICUS 005 20230707122017.0 008 230707s2023 be a u010 u eng u 020 $a978-90-429-5048-1 040 $aSeMil$bita 245 00$aKindness, courage, and integrity in biblical texts and in the politics of biblical interpretation :$bFestschrift Reimund Bieringer /$cedited by Ma. Marilou S., Dominika Kurek-Chomycz, Bénédicte Lemmelijn, Sarah Whitear. 264 1$aLeuven [etc.] :$bPeeters,$c2023. 300 $axci, 387 p., [1] carta di tav. :$bill., ritr. ;$c25 cm 490 1 $aBibliotheca Ephemeridum Theologicarum Lovaniensium ;$v333 504 $aBibliography, Reimund Bieringer, p. xli-lxix 546 $aContiene 14 saggi in inglese, 5 in tedesco 600 14$aBieringer, Reimund.$0(OLS)http://semarc/subject/54036 650 4$aBibbia - Gentilezza.$0(OLS)http://semarc/subject/54038 650 4$aBibbia - Coraggio.$0(OLS)http://semarc/subject/54037 650 4$aBibbia - Commentari, studi, critica, interpretazioni - Miscellanea.$0(OLS)http://semarc/subject/54039 700 1 $aWhitear, Sarah.$0(OLS)http://semarc/name/117881 700 1 $aIbita, Ma. Marilou S.$0(OLS)http://semarc/name/117879 700 1 $aBieringer, Reimund,$ededicatario miscellanea.$0(OLS)http://semarc/name/20034 700 1 $aLemmelijn, Bénédicte,$d<1969- >.$0(OLS)http://semarc/name/66532 700 1 $aKurek-Chomycz, Dominika.$0(OLS)http://semarc/name/117880 830 0$aBibliotheca Ephemeridum Theologicarum Lovaniensium ;$v333.$0(OLS)http://semarc/title/108 850 $aSeMil 852 $aSeMil$W1$xVenegono$y1$m2IA A 333$j242076$B245896$CSeMilBibl$Z2$F245896 $81 996 $6020$a978-90-429-5048-1$9(OLS)http://semarc/number/298498 996 $6245$aKindness, courage, and integrity in biblical texts and in the politics of biblical interpretation :$bFestschrift Reimund Bieringer$9(OLS)http://semarc/title/444767 996 $6264$aLeuven [etc.] :$bPeeters$9(OLS)http://semarc/publisher/32081